| 000 | 00700cam a22002531 4500 | ||
|---|---|---|---|
| 001 | sa 68019801 | ||
| 003 | DLC | ||
| 005 | 20260227112720.0 | ||
| 008 | 770411s1966 io 000 0 ind | ||
| 010 | _asa 68019801 | ||
| 035 | _a(OCoLC)2879444 | ||
| 040 |
_aDLC _cOAU _dDLC |
||
| 042 | _apremarc | ||
| 050 | 0 | 0 |
_aHQ1051 _b.V4 1966 |
| 100 | 1 | _aVerkuyl, Johannes. | |
| 245 | 1 | 0 |
_aEtika seksuil _c[oleh] J. Verkuyl. Terdjemahan Soegiarto. |
| 250 | _aTjet. 4. | ||
| 260 |
_aDjakarta, _bBadan Penerbit Kristen _c[1966] |
||
| 300 |
_a180 p. _c21 cm. |
||
| 490 | 0 |
_aSeri etika Kristen, _vdjil. II,2 |
|
| 504 | _aBibliography: 175-176. | ||
| 650 | 0 | _aMarriage. | |
| 650 | 0 |
_aSex _xReligious aspects. |
|
| 999 |
_c89083 _d89083 |
||